|
|
|
|
| LEADER |
01304nam a22002897a 4500 |
| 001 |
35543 |
| 003 |
BD-DhAAL |
| 008 |
211026r20001962bg ||||| |||| 00| 0 ben d |
| 020 |
|
|
|a 9840502093
|
| 040 |
|
|
|a BD-DhAAL
|
| 041 |
|
|
|a ben
|
| 082 |
|
|
|a 297.63
|2 21
|
| 100 |
|
|
|a আহমাদ, মাওলানা মমতাজ উদদীন
|9 42238
|
| 245 |
|
|
|a নবী পরিচয় /
|c মাওলানা মমতাজ উদদীন আহমাদ
|
| 246 |
|
|
|a Nobi porichoy
|
| 260 |
|
|
|a ঢাকা
|b ইউনিভার্সিটি প্রেস লিমিটেড,
|c ১৯৬২ [দ্বিতীয় মুদ্রণ ২০০০]
|
| 300 |
|
|
|a x, ১৯৬ পৃষ্ঠা ;
|c ২২ সে.মি.
|
| 526 |
|
|
|a BIED
|
| 541 |
|
|
|a Complimentary copy from BIED
|e 35543
|
| 650 |
|
|
|a Muslims
|z Saudi Arabia
|v Biography.
|9 42240
|
| 650 |
|
|
|a Islam
|x Essence, genius, nature.
|9 28137
|
| 650 |
|
|
|a Islam
|x Doctrines.
|9 52047
|
| 650 |
|
|
|a Islam.
|
| 852 |
|
|
|a Ayesha Abed Library
|c BIED Collection
|
| 942 |
|
|
|2 ddc
|c BK
|
| 999 |
|
|
|c 43278
|d 43278
|
| 952 |
|
|
|0 0
|1 0
|2 ddc
|4 0
|6 297_630000000000000_AHM
|7 0
|9 69429
|a BRACUL
|b BRACUL
|c GEN
|d 2021-10-26
|e Complimentary copy from BIED
|l 1
|o 297.63 AHM
|p 3010035543
|r 2026-02-03
|s 2026-01-27
|t 1
|w 2021-10-26
|y BK
|x Transferred from BIED to General Stacks
|